| 000 | 00844cam a22002532 4500 | ||
|---|---|---|---|
| 001 | 0000020834 | ||
| 005 | 20151217152222.0 | ||
| 008 | 111019s xx 000 0 eng d | ||
| 020 | _a0073520711 : | ||
| 040 |
_aKABU _cKABU |
||
| 245 | 1 | 4 |
_aThe paramedic / _cWill Chapleau ... [et al.] |
| 250 | _a1st ed. | ||
| 260 |
_aBoston : _bMcGraw-Hill, _c2008. |
||
| 300 | _axlvi, 1426 p. | ||
| 650 | 0 |
_aMedical emergencies. _@0000181434 |
|
| 650 | 0 |
_aEmergencies medical technicians. _@0000181435 |
|
| 700 | 1 |
_aChapleau, Will. _@0000181436 |
|
| 852 | 1 | _9p6,000 KES | |
| 852 | 1 | _9p6,000 KES | |
| 852 | 1 | _9p6,000 KES | |
| 908 | _a111019 | ||
| 950 | _@1 | ||
| 999 |
_c9523 _d9523 |
||